00639nam a2200217 i 4500001000300000100002600003245011500029260004400144300003000188504000500218650001200223650002700235700001900262040000800281041000700289080001100296942000700307008004100314999001700355952004900372bg1 aCHIL'ČEVSKIJ, V. V. aRassejanie energii pri kolebanijach tonkostennych elementov konstrukcij /cV.V. Chil'čevskij, V.G. Dubenec.  aKiev :b"Višča Škola",c1977. a brys., wykr. ;c23 cm. a a xbadanie 9aKonstrukcjexmechanika1 aDUBENEC, V. G. cBPK0 aru a620.17 cKS s pl f |000 0 pol  c35875d35875 00104070aBPKbBPKcwo48854p01414738yKS